00411nam a2200133 a 450000100100000000500170001000800410002704000250006808200170009324500750011026000460018530000260023170000200025700002449420200930023212.0110128s1970 ko r 000 0 spa d aDO-SdBNPbspacBNPHU axxxxxbM234s00aMajor speeches by korea´s park Chung Hee /ccompilador Shin Bum Shik. aSeul, Corea :bHollym Corporation,c1970. axiv, 383 p. ;c23 cm.1 aShin Bum, Shik,